El aprendizaje basado en problemas : desde el jardin de infantes hasta el final de la escuela secundaria (Registro nro. 483568)

Detalles MARC
001 - NÚMERO DE CONTROL
campo de control 1100953
005 - FECHA Y HORA DE LA ÚLTIMA TRANSACCIÓN
campo de control 20260507085455.0
008 - DATOS DE LONGITUD FIJA--INFORMACIÓN GENERAL
campo de control de longitud fija 080901s1998 spa
020 ## - NÚMERO INTERNACIONAL ESTÁNDAR DEL LIBRO
Número Internacional Estándar del Libro 9505188110
035 ## - NÚMERO DE CONTROL DEL SISTEMA
Número de control de sistema 1100953
035 ## - NÚMERO DE CONTROL DEL SISTEMA
Número de control de sistema (OCoLC)43951114
040 ## - FUENTE DE LA CATALOGACIÓN
Centro/agencia transcriptor comduadb
041 ## - CÓDIGO DE LENGUA
Código de lengua del texto/banda sonora o título independiente spa
082 #4 - NÚMERO DE LA CLASIFICACIÓN DECIMAL DEWEY
Número de clasificación 370
100 10 - ENTRADA PRINCIPAL--NOMBRE DE PERSONA
Nombre de persona Torp, Linda
Código de función aut
Término indicativo de función/relación Autor/a
9 (RLIN) 461814
245 13 - MENCIÓN DE TÍTULO
Título El aprendizaje basado en problemas : desde el jardin de infantes hasta el final de la escuela secundaria
250 ## - MENCIÓN DE EDICIÓN
Mención de edición 1. ed.
260 ## - PUBLICACIÓN, DISTRIBUCIÓN, ETC.
Lugar de publicación, distribución, etc. Argentina :
Nombre del editor, distribuidor, etc. Amorrortu Editores,
Fecha de publicación, distribución, etc. 1998.
300 ## - DESCRIPCIÓN FÍSICA
Extensión 179 páginas
490 0# - MENCIÓN DE SERIE
Mención de serie Nueva enseñanza, nuevas practicas
650 #7 - PUNTO DE ACCESO ADICIONAL DE MATERIA--TÉRMINO DE MATERIA
Término de materia o nombre geográfico como elemento de entrada Aprendizaje basado en problemas (ABP)
Fuente del encabezamiento o término embne
9 (RLIN) 57663
650 #7 - PUNTO DE ACCESO ADICIONAL DE MATERIA--TÉRMINO DE MATERIA
Término de materia o nombre geográfico como elemento de entrada Innovaciones educativas
Fuente del encabezamiento o término lemb
9 (RLIN) 39728
650 #7 - PUNTO DE ACCESO ADICIONAL DE MATERIA--TÉRMINO DE MATERIA
Término de materia o nombre geográfico como elemento de entrada Métodos de enseñanza
Fuente del encabezamiento o término lemb
9 (RLIN) 30740
650 ## - PUNTO DE ACCESO ADICIONAL DE MATERIA--TÉRMINO DE MATERIA
Término de materia o nombre geográfico como elemento de entrada Estrategias didácticas
9 (RLIN) 115098
700 10 - ENTRADA AGREGADA--NOMBRE PERSONAL
Nombre de persona Sage, Sara
Código de función aut
Término indicativo de función/relación Autor/a
9 (RLIN) 562022
700 10 - ENTRADA AGREGADA--NOMBRE PERSONAL
Nombre de persona Bixio, Alcira Nelida
Código de función trl
Número de control del registro de autoridad o número normalizado (isni)0000000046542690
-- (viaf) 316755253
Término indicativo de función/relación Traductor/a
9 (RLIN) 397053
942 ## - ELEMENTOS DE ENTRADA AGREGADA (KOHA)
Tipo de ítem Koha Libros
Existencias
Estado de retiro Estado de pérdida Estado dañado No para préstamo Código de colección Localización permanente Ubicación/localización actual Fecha de adquisición Fuente de adquisición Coste, precio normal de compra Número de inventario Total de préstamos Signatura topográfica completa Código de barras Fecha visto por última vez Número de copia Precio válido a partir de Tipo de ítem Koha
        Colección General Piso 2 Biblioteca Carlos Gaviria Díaz, Campus Medellín Biblioteca Carlos Gaviria Díaz, Campus Medellín 01/09/2008 Diego Pareja Villa 45900.00 C1015484   370.39 T686 0679293 28/04/2023 1 28/04/2023 Libros